Czy rozpoznasz państwo po jego sąsiadach? - Statystyki

Ogólne statystyki
  • Ten quiz został rozwiązany 41 razy
  • Średni wynik to 12 z 15
Statystyki odpowiedzi
Hint Odpowiedź % Poprawnych
Graniczy z Estonią, Rosją, Białorusią i Litwą Łotwa
94%
Graniczy z Węgrami, Rumunią, Bułgarią, Macedonią, Kosowem, Czarnogórą, Chorwacją i Bośnią i Hercegowiną Serbia
94%
Graniczy z Grecją, Czarnogórą, Macedonią Północną oraz Serbią/Kosowem Albania
91%
Graniczy z Serbią, Macedonią Północną, Grecją, Turcją i Rumunią Bułgaria
91%
Graniczy z Peru, Boliwią i Argentyną Chile
91%
Graniczy z Chinami, Kazachstanem, Tadżykistanem i Uzbekistanem Kirgistan
85%
Graniczy z Chińską Republiką Ludową, Laosem i Kambodżą Wietnam
85%
Graniczy z Pakistanem, Iranem, Tadżykistanem, Turkmenistanem, Uzbekistanem i Chinami Afganistan
82%
Graniczy z Irakiem, Jordanią, Kuwejtem, Omanem, Katarem, Zjednoczonymi Emiratami Arabskimi i Jemenem Arabia Saudyjska
82%
Graniczy ze Zjednoczonymi Emiratami Arabskimi, Arabią Saudyjską i Jemenem Oman
82%
Graniczy z Gwatemalą i Hondurasem Salwador
74%
Graniczy z Angolą, Demokratyczną Republiką Konga, Malawi, Mozambikiem, Namibią, Tanzanią, Zimbabwe i Botswaną. Zambia
74%
Graniczy z Senegalem i Gwineą Gwinea Bissau
68%
Graniczy z Senegalem, Mali, Algierią i Saharą Zachodnią Mauretania
65%
Graniczy z Burundi, Demokratyczną Republiką Konga, Tanzanią i Ugandą Rwanda
65%
Nie znaleziono quizów pasujących do podanych kryteriów
Rozkład punktacji
Procent ludzi z każdym wynikiem
Percentyl według liczby udzielonych odpowiedzi
Twoja historia wyników
Nie rozwiązałeś tego quizu